Concurso de ...
Descripción Física:
1 full ; 28 x 42 cm
MARC
| LEADER | 00000nam a2200000Ia 4500 | ||
|---|---|---|---|
| 001 | 16492, 16493, 16494 | ||
| 008 | 160829s1909 - 1916 xx 000 0 cat d | ||
| 080 | |a 3386, exp. de la Sociedad Barcelonesa de Amigos de la Instrucción | ||
| 110 | 2 | |a Sociedad Barcelonesa de Amigos de la Instrucción |9 54167 | |
| 245 | |a Concurso de ... | ||
| 260 | |a Barcelona : |b Imp. Elzeviriana, |c 1909 - 1916 | ||
| 300 | |a 1 full ; |c 28 x 42 cm | ||
| 650 | |a Sociedad Barcelonesa de Amigos de la Instrucción |x Premis |9 48200 | ||
| 650 | |a Pedagogia |x Concursos |9 48201 | ||
| 866 | |a 1909, 1910, 1916 | ||
| 901 | |a Arxiu | ||
| 942 | |n 1 | ||
| 952 | |0 0 |1 0 |4 0 |6 3386_EXP_DE_LA_SOCIEDAD_BARCELONESA_DE_AMIGOS_DE_LA_INSTRUCCIÓN |7 1 |9 54388 |a Arxiu |b Arxiu |d 2016-12-01 |l 0 |o 3386, exp. de la Sociedad Barcelonesa de Amigos de la Instrucción |p 16492, 16493, 16494 |r 2016-12-01 00:00:00 |w 2016-12-01 |y ARXIU | ||
| 999 | |c 58257 |d 58257 | ||